| 000 | 00853nam a2200253 4500 | ||
|---|---|---|---|
| 003 | OSt | ||
| 005 | 20260601193853.0 | ||
| 008 | 260417b2011 |||a|||| e||| 00| 0 spa d | ||
| 020 | _a9788425224027 | ||
| 040 |
_aICI _bspa _cICI |
||
| 041 |
_aspa _heng |
||
| 050 |
_aNC997 _bK551218 |
||
| 100 | 1 |
_aKnight, Carolyn _d1947- _932647 |
|
| 240 |
_aDiagrams : innovative solutions for graphic designers _lEspañol |
||
| 245 | 1 |
_aDiagramas / _bgrandes ejemplos de infografía contemporánea : _cCarolyn Knight, Jessica Glaser; [traducción de Olga Hernando] |
|
| 264 |
_bGustavo Gili, _c2011 _aBarcelona : |
||
| 300 |
_a224 páginas _bilustraciones |
||
| 336 |
_atexto _2rdacontent |
||
| 337 |
_asin medio _2rdamedia |
||
| 338 |
_avolumen _2rdacarrier |
||
| 650 |
_aMétodos gráficos _932648 |
||
| 700 |
_aGlaser, Jessica, _etraductor _932649 |
||
| 942 |
_2ddc _cB |
||
| 999 |
_c21943 _d21943 |
||